Nové výzvy v oblasti verejných financií 2022 zborník vedeckých statí
Salvato in:
| Enti autori: | , |
|---|---|
| Altri autori: | , , , |
| Natura: | Libro |
| Lingua: | slovacco inglese |
| Pubblicazione: |
Bratislava
Vydavateľstvo EKONÓM
2022
|
| Edizione: | 1. vydanie |
| Soggetti: | |
| Tags: |
Nessun Tag, puoi essere il primo ad aggiungerne!!
|
MARC
| LEADER | 00000nlm a2200000 4500 | ||
|---|---|---|---|
| 001 | 0289203 | ||
| 005 | 20240502074429.1 | ||
| 020 | |a 978-80-225-4978-3 | ||
| 041 | 0 | |a slo | |
| 041 | 0 | |a eng | |
| 044 | |a SK | ||
| 245 | 1 | 0 | |a Nové výzvy v oblasti verejných financií 2022 |b zborník vedeckých statí |c zostavovateľ zborníka: Jana Kušnírová ; recenzenti: Marwan al Absi, Tatiana Tökölyová, Elena Roková ... [et al.] |
| 250 | |a 1. vydanie | ||
| 264 | 1 | |a Bratislava |b Vydavateľstvo EKONÓM |c 2022 | |
| 300 | |a CD-ROM [70 s.] [3,5 AH] | ||
| 610 | 2 | 0 | |a financie verejné |
| 610 | 2 | 0 | |a politika daňová |
| 610 | 2 | 0 | |a mikroekonomika |
| 610 | 2 | 0 | |a makroekonomika |
| 610 | 2 | 0 | |a gramotnosť finančná |
| 700 | 1 | |a Kušnírová, Jana, 1977- | |
| 700 | 1 | |a al Absi, Marwan | |
| 700 | 1 | |a Tökölyová, Tatiana | |
| 700 | 1 | |a Roková, Elena | |
| 710 | 2 | |a Národohospodárska fakulta EU. Katedra financií | |
| 710 | 2 | |a Národohospodárska fakulta EU. Katedra poisťovníctva | |